[Event "2024 British Rapidplay Championship"]
[Site "Holiday Inn Peterborough - West"]
[Date "2024.03.02"]
[Round "2.44"]
[White "Nezis, Anastasios"]
[Black "Dougherty, Michael"]
[Result "1/2-1/2"]
[WhiteFideId "424471"]
[BlackFideId "2601559"]
[WhiteElo "1912"]
[BlackElo "2030"]
[EventDate "2024.03.02"]

1. Nf3 g6 2. e4 Bg7 3. d4 d6 4. Be3 Nf6 5. Nc3 c6 6. Qd2 Ng4 7. Bf4 e5 8. dxe5 dxe5
9. Qxd8+ Kxd8 10. Bg3 f6 11. h3 Nh6 12. O-O-O+ Nd7 13. Bc4 Ke7 14. Ne1 Nf7 15. f3
Bh6+ 16. Kb1 Be3 17. Nd3 Nd6 18. Bb3 Nc5 19. Bf2 Bxf2 20. Nxf2 a5 21. a4 Be6 22.
Bxe6 Nxe6 23. Ne2 Rhd8 24. b3 b5 25. axb5 Nxb5 26. Rxd8 Rxd8 27. Rd1 Ned4 28. Nxd4
exd4 29. Kb2 Nc3 30. Ra1 Ra8 31. Nd3 Kd6 32. f4 Nxe4 33. Ra4 c5 34. Rc4 Kd5 35. g4
g5 36. f5 Nd6 37. Rxc5+ Ke4 38. Rc7 h5 39. Re7+ Kf3 40. gxh5 Nxf5 41. Rf7 Ra6 42.
Nc5 Rc6 43. Nd7 Kg3 44. Nxf6 Kxh3 45. Ne4 Ne3 46. Nxg5+ Kh4 47. Nf3+ Kxh5 48. Nxd4
1/2-1/2

[Event "2024 British Rapidplay Championship"]
[Site "Holiday Inn Peterborough - West"]
[Date "2024.03.02"]
[Round "2.45"]
[White "Lim, Mark"]
[Black "Iyengar, Ilya"]
[Result "1/2-1/2"]
[WhiteFideId "417734"]
[BlackFideId "405949"]
[WhiteElo "1835"]
[BlackElo "1951"]
[EventDate "2024.03.02"]

1. d4 Nf6 2. Nf3 g6 3. c4 Bg7 4. Nc3 O-O 5. e4 d6 6. Be2 e5 7. d5 a5 8. O-O Na6 9.
Bg5 h6 10. Bh4 Nc5 11. Nd2 Bd7 12. Kh1 g5 13. Bg3 Qc8 14. b3 Nh7 15. a3 f5 16. f3
f4 17. Bf2 h5 18. b4 axb4 19. axb4 Rxa1 20. Qxa1 Na6 21. Qa3 Rf6 22. c5 Nb8 23. Bb5
Bf8 24. Qa8 Na6 25. Qxc8 Bxc8 26. Bxa6 bxa6 27. Nc4 g4 28. c6 Ng5 29. Bh4 Rg6 30.
Bxg5 Rxg5 31. Na5 Be7 32. Nb7 Rg7 33. Ra1 Bh4 34. Rxa6 gxf3 35. gxf3 Bh3 36. Ra8+
Kh7 37. Ra2 Be1 38. Nb5 Bxb4 39. Rb2 Be1 40. Re2 Bb4 41. Rb2 Be1 42. Re2 Bh4 43.
N7xd6 cxd6 44. Nxd6 Bf1 45. Rc2 1/2-1/2

[Event "2024 British Rapidplay Championship"]
[Site "Holiday Inn Peterborough - West"]
[Date "2024.03.02"]
[Round "2.46"]
[White "Repasi, Zoltan"]
[Black "Borrowdale, Graham E"]
[Result "1-0"]
[WhiteFideId "724602"]
[BlackFideId "416673"]
[WhiteElo "2097"]
[BlackElo "1905"]
[EventDate "2024.03.02"]

1. d4 e6 2. c4 Nf6 3. Nf3 b6 4. g3 Bb7 5. Bg2 Be7 6. O-O O-O 7. Nc3 Ne4 8. Bd2 f5
9. Ne5 Nxc3 10. Bxc3 Bxg2 11. Kxg2 Bf6 12. Nf3 Nc6 13. Rc1 Ne7 14. d5 Bxc3 15. Rxc3
exd5 16. cxd5 Rf6 17. Qb3 Rd6 18. Rd1 Rc8 19. e4 fxe4 20. Ng5 Nf5 21. Nxe4 Rh6 22.
d6+ Kh8 23. dxc7 Qe8 24. Ng5 Rf6 25. Qd5 h6 26. Qxd7 Rf8 27. Ne6 Qxd7 28. Rxd7 Rfe8
29. Rd8 Ne7 30. Rf3 Kg8 31. h4 Nc6 32. Rxe8+ Rxe8 33. Rc3 Ne7 34. Rd3 Kf7 35. Nd8+
Kf6 36. Re3 Rf8 37. Rxe7 Kxe7 38. c8=Q Rxd8 39. Qc7+ Rd7 40. Qe5+ Kd8 41. h5 1-0

[Event "2024 British Rapidplay Championship"]
[Site "Holiday Inn Peterborough - West"]
[Date "2024.03.02"]
[Round "2.47"]
[White "Kryshtafor, Maksym"]
[Black "Nawalaniec, Adam"]
[Result "0-1"]
[WhiteFideId "34129227"]
[BlackFideId "21023786"]
[WhiteElo "1660"]
[BlackElo "1977"]
[EventDate "2024.03.02"]

1. e4 c5 2. Nf3 d6 3. c3 Nf6 4. Bd3 Nc6 5. O-O e5 6. Bc2 Bg4 7. h3 Bh5 8. Ba4 a6
9. d4 b5 10. Bb3 exd4 11. cxd4 Nxd4 12. g4 Nxf3+ 13. Qxf3 Bg6 14. e5 dxe5 15. Qc6+
Nd7 16. Rd1 Rc8 17. Qxa6 c4 18. Bg5 f6 19. Be3 cxb3 20. Bb6 Rc6 21. Qa7 Rxb6 22.
Nc3 Bc5 23. Nd5 Rd6 24. Nc7+ Ke7 25. Qb7 Qb8 26. Qxb5 Qxb5 27. Nxb5 Rxd1+ 28. Rxd1
bxa2 29. Ra1 Rb8 30. Nc3 Rxb2 31. Rxa2 Bxf2+ 32. Kg2 Be4+ 33. Kf1 Bd3+ 34. Kg2 Rxa2
35. Nxa2 Bd4 36. Nb4 Be4+ 37. Kg3 Kd6 38. Kh4 Bf2+ 39. Kh5 Bg6+ 0-1

[Event "2024 British Rapidplay Championship"]
[Site "Holiday Inn Peterborough - West"]
[Date "2024.03.02"]
[Round "2.48"]
[White "Rich, Ben S"]
[Black "Pelling, Kyle"]
[Result "1/2-1/2"]
[WhiteFideId "490431"]
[BlackFideId "462942"]
[WhiteElo "1918"]
[BlackElo "1818"]
[EventDate "2024.03.02"]

1. a3 g6 2. c4 Bg7 3. d3 c5 4. Nf3 Nc6 5. e3 Nf6 6. Qc2 O-O 7. b3 b6 8. Bb2 Bb7 9.
Nbd2 e6 10. Be2 Re8 11. h4 h5 12. Ng5 d5 13. cxd5 exd5 14. O-O Nd4 15. Qd1 Nxe2+
16. Qxe2 d4 17. e4 Qc7 18. Rac1 Nd5 19. Nc4 Rad8 20. g3 Nc3 21. Bxc3 dxc3 22. f4
b5 23. Ne3 Bd4 24. Kh2 f6 25. Nf3 f5 26. e5 Qd7 27. Nc2 Qe6 28. b4 Qd5 29. bxc5 Bxc5
30. d4 Bf8 31. Rb1 Bc6 32. Nb4 Bxb4 33. Rxb4 a5 34. Qd1 1/2-1/2

[Event "2024 British Rapidplay Championship"]
[Site "Holiday Inn Peterborough - West"]
[Date "2024.03.02"]
[Round "2.49"]
[White "Broomfield, Daniel"]
[Black "Fellowes, Billy"]
[Result "0-1"]
[WhiteFideId "343110840"]
[BlackFideId "483540"]
[WhiteElo "1519"]
[BlackElo "1959"]
[EventDate "2024.03.02"]

1. e4 Nc6 2. d4 d5 3. exd5 Qxd5 4. Nf3 e5 5. c4 Bb4+ 6. Nc3 Qe4+ 7. Be3 exd4 8. Nxd4
Bg4 9. Qd2 Nxd4 10. Qxd4 Qxd4 11. Bxd4 Nf6 12. Bd3 O-O-O 13. Bxf6 gxf6 14. h3 Rxd3
15. hxg4 Re8+ 16. Kf1 Rd2 17. Rd1 Rxd1+ 18. Nxd1 Re1# 0-1

[Event "2024 British Rapidplay Championship"]
[Site "Holiday Inn Peterborough - West"]
[Date "2024.03.02"]
[Round "2.50"]
[White "He, Tom Junde"]
[Black "Mehta, Sophie"]
[Result "1-0"]
[WhiteFideId "488810"]
[BlackFideId "487996"]
[WhiteElo "1922"]
[BlackElo "1635"]
[EventDate "2024.03.02"]

1. d4 Nf6 2. Nf3 g6 3. g3 Bg7 4. Bg2 O-O 5. O-O d5 6. c4 c6 7. Nbd2 Nbd7 8. b3 Re8
9. Bb2 dxc4 10. Nxc4 b5 11. Nce5 Nxe5 12. Nxe5 Bb7 13. Nxc6 Qc7 14. Rc1 Qd6 15. e4
e5 16. dxe5 Qxd1 17. Rfxd1 Ng4 18. Na5 Bc8 19. f4 Ne3 20. Rd3 Nxg2 21. Kxg2 Bf8 22.
h3 Bb4 23. Nc6 a5 24. a3 Be7 25. Nxe7+ Rxe7 26. Rd8+ 1-0

[Event "2024 British Rapidplay Championship"]
[Site "Holiday Inn Peterborough - West"]
[Date "2024.03.02"]
[Round "2.51"]
[White "McCusker, Andrew"]
[Black "Hunt, Harriet V"]
[Result "1-0"]
[WhiteFideId "2404281"]
[BlackFideId "403512"]
[WhiteElo "1786"]
[BlackElo "2342"]
[EventDate "2024.03.02"]

1. d4 Nf6 2. c4 e6 3. Nf3 b6 4. g3 Ba6 5. Qc2 c5 6. Bg2 Bb7 7. dxc5 bxc5 8. O-O Be7
9. Nc3 O-O 10. e4 d6 11. Rd1 Qb6 12. e5 dxe5 13. Nxe5 Bxg2 14. Kxg2 Nc6 15. Nxc6
Qxc6+ 16. Kg1 Rfd8 17. Bf4 Rd4 18. b3 Nd7 19. Rxd4 cxd4 20. Qe4 Qxe4 21. Nxe4 e5
22. Bd2 f5 23. Ng5 Rc8 24. Nf3 h6 25. h4 Bf6 26. Rd1 Nc5 27. Bb4 Ne4 28. Ne1 Nc3
29. Bxc3 dxc3 30. Nc2 Rc7 31. Kf1 Kf7 32. Ke2 e4 33. Ne3 Kg6 34. Nd5 Rc5 35. Nxf6
Kxf6 36. Rd7 a5 37. Kd1 f4 38. g4 Re5 39. Kc2 e3 40. fxe3 Rxe3 41. Rd5 f3 42. h5
Ke6 43. Rf5 Kd6 44. a3 Kc6 45. b4 axb4 46. axb4 Kb6 47. Rf7 Kc6 48. Rxg7 Re4 49.
Rf7 Rxc4 50. Rxf3 Rxg4 51. Kxc3 Kd5 52. Rf5+ Ke6 53. Rc5 Kd6 54. Ra5 Rg3+ 55. Kc4
Rg4+ 56. Kb3 Kc6 57. Ka4 Kb7 58. Rf5 Rg1 59. Rf6 Rh1 60. Rxh6 Ka7 61. Kb5 Rh4 62.
Rh7+ Kb8 63. Kc5 Rh1 64. Kb6 Kc8 65. Rh8+ Kd7 66. b5 Kd6 67. h6 Rh5 68. h7 Kd7 69.
Ra8 1-0

[Event "2024 British Rapidplay Championship"]
[Site "Holiday Inn Peterborough - West"]
[Date "2024.03.02"]
[Round "2.52"]
[White "Moreby, James E"]
[Black "Mohamed Nasrudeen Meeran, Muiz Ul Meeran"]
[Result "1-0"]
[WhiteFideId "427756"]
[BlackFideId "343423744"]
[WhiteElo "2248"]
[BlackElo "1642"]
[EventDate "2024.03.02"]

1. c4 e5 2. Nc3 Nc6 3. Nf3 Nf6 4. e4 d6 5. d4 exd4 6. Nxd4 Nxd4 7. Qxd4 Qe7 8. f3
Qd7 9. Bd3 Be7 10. O-O O-O 11. Qf2 b6 12. Be3 Bb7 13. Rad1 Rfe8 14. e5 dxe5 15. Bxh7+
Kxh7 16. Rxd7 Nxd7 17. Qg3 Kg8 18. Rd1 Rad8 19. Kf1 Bf6 20. Nb5 c6 21. Nd6 Nf8 22.
Nxe8 Rxe8 23. Bg5 Bxg5 24. Qxg5 Ba6 25. b3 b5 26. cxb5 Bxb5+ 27. Kg1 Ne6 28. Qxe5
c5 29. a4 Bc6 30. Qd6 Ba8 31. Qd7 Rf8 32. Qxa7 Kh7 33. a5 Bc6 34. Qb6 Ba8 35. a6
Kg8 36. a7 Kh7 37. Rd7 Kg8 38. Rb7 Bxb7 39. Qxb7 Nd8 40. Qd5 Ne6 41. a8=Q Nc7 42.
Qxf8+ Kxf8 43. Qd6+ Kg8 44. Qxc7 Kh7 45. Qxc5 Kg6 46. b4 f6 47. b5 Kf7 48. b6 Ke6
49. b7 Kf7 50. b8=Q Kg6 51. Qe8+ Kh6 52. Qch5# 1-0

[Event "2024 British Rapidplay Championship"]
[Site "Holiday Inn Peterborough - West"]
[Date "2024.03.02"]
[Round "2.53"]
[White "Patel, Keatan"]
[Black "Martin, Lewis"]
[Result "1/2-1/2"]
[WhiteFideId "477613"]
[BlackFideId "410551"]
[WhiteElo "1779"]
[BlackElo "2192"]
[EventDate "2024.03.02"]

1. d4 d5 2. Nf3 Nf6 3. c4 c6 4. cxd5 cxd5 5. Bf4 Nc6 6. Nc3 a6 7. e3 e6 8. h3 Bd6
9. Bxd6 Qxd6 10. a3 b5 11. b4 O-O 12. Be2 Nd7 13. O-O Nb6 14. Nd2 Bb7 15. Nb3 Rae8
16. Nc5 Bc8 17. Qb3 e5 18. dxe5 Rxe5 19. Rad1 Rd8 20. a4 Qg6 21. Kh2 Rg5 22. Rg1
bxa4 23. N3xa4 Nxa4 24. Qxa4 Ne5 25. f4 Rg3 26. Rxd5 Rf8 27. Rxe5 Bxh3 28. Rg5 Rxg5
29. fxg5 Bf5 30. g4 Bc2 31. Qxa6 Qxg5 32. Qd6 Qxe3 33. Rg2 Qg5 34. b5 Rd8 35. Qc7
Qh4+ 36. Kg1 Rd1+ 37. Bxd1 Qe1+ 38. Kh2 1/2-1/2

[Event "2024 British Rapidplay Championship"]
[Site "Holiday Inn Peterborough - West"]
[Date "2024.03.02"]
[Round "2.54"]
[White "Stokes, Richard"]
[Black "Frostick, Clive A"]
[Result "0-1"]
[WhiteFideId "432628"]
[BlackFideId "411302"]
[WhiteElo "1692"]
[BlackElo "2162"]
[EventDate "2024.03.02"]

1. e4 c5 2. d4 cxd4 3. c3 Nf6 4. e5 Nd5 5. Nf3 Nc6 6. cxd4 d6 7. Bc4 dxe5 8. dxe5
Be6 9. O-O Nc7 10. Bxe6 Nxe6 11. Nc3 g6 12. Qe2 Bg7 13. Rd1 Qb8 14. Bg5 Nxg5 15.
Nxg5 Qxe5 16. Qxe5 Bxe5 17. Nb5 a6 18. Nc3 h6 19. Nf3 Bg7 20. Rac1 Rd8 21. Rxd8+
Kxd8 22. Rd1+ Kc8 23. Na4 Rd8 24. Rc1 e5 25. b4 e4 26. Ne1 Rd2 27. a3 Bd4 28. h3
Ba7 29. Kh2 0-1

[Event "2024 British Rapidplay Championship"]
[Site "Holiday Inn Peterborough - West"]
[Date "2024.03.02"]
[Round "2.55"]
[White "Kairat, Alexander"]
[Black "Starley, Robert"]
[Result "0-1"]
[WhiteFideId "498629"]
[BlackFideId "421006"]
[WhiteElo "1723"]
[BlackElo "1944"]
[EventDate "2024.03.02"]

1. e4 e5 2. Nf3 Nc6 3. Nc3 Nf6 4. Bb5 d6 5. O-O Bg4 6. Bxc6+ bxc6 7. h3 Bh5 8. d3
Be7 9. Be3 O-O 10. d4 exd4 11. Bxd4 Re8 12. Re1 Nd7 13. Qd3 Bf6 14. Bxf6 Qxf6 15.
Nd4 Nc5 16. Qd2 Bg6 17. f3 Rab8 18. b3 Rb6 19. a3 Ne6 20. Nxe6 fxe6 21. Rad1 Rf8
22. Na4 Rb5 23. Qf2 c5 24. Qe2 Rbb8 25. Rd2 Qg5 26. Qe3 Qg3 27. e5 Bf5 28. Qf2 Qg6
29. Kh1 Rbd8 30. exd6 cxd6 31. Red1 Rc8 32. c3 c4 33. b4 d5 34. Nc5 Qh5 35. Qg3 Rf6
36. Kh2 Rg6 37. Qf4 Bxh3 38. gxh3 Rf8 39. Qd6 Rxf3 40. Qd8+ Rf8 41. Qe7 Qe5+ 42.
Kh1 Qxc3 43. Qh4 Rh6 44. Qxh6 gxh6 45. Nxe6 Qxh3+ 46. Kg1 Qxe6 47. Rxd5 c3 48. Rc5
Qg4+ 49. Kh2 Rf2+ 0-1

[Event "2024 British Rapidplay Championship"]
[Site "Holiday Inn Peterborough - West"]
[Date "2024.03.02"]
[Round "2.56"]
[White "Ledger, Stephen C"]
[Black "Wastney, Dylan"]
[Result "1-0"]
[WhiteFideId "404470"]
[BlackFideId "343112498"]
[WhiteElo "1983"]
[BlackElo "1800"]
[EventDate "2024.03.02"]

1. d4 Nf6 2. Bg5 e6 3. Nd2 d5 4. e3 Nbd7 5. Ngf3 Be7 6. Bd3 c5 7. c3 h6 8. Bh4 O-O
9. O-O b6 10. Ne5 Bb7 11. f4 Rc8 12. Qf3 Re8 13. Rad1 Qc7 14. g4 Ne4 15. Bxe7 Nxd2
16. Rxd2 Rxe7 17. Rg2 cxd4 18. exd4 Nxe5 19. fxe5 Rf8 20. g5 hxg5 21. Rxg5 Rc8 22.
Qf6 Kf8 23. Rxg7 Ke8 24. Bb5+ Bc6 25. Bxc6+ Qxc6 26. Rxf7 Rxf7 27. Qxf7+ Kd8 28.
Qg7 Qd7 29. Rf8+ Kc7 30. Rf7 Rd8 31. Rxd7+ Rxd7 32. Qf8 Kb7 33. Kf2 a6 34. Ke3 a5
35. b3 Rc7 36. Kd3 Rh7 37. Qf2 Rh3+ 38. Kc2 Rh7 39. a4 Ka7 40. h4 Kb7 41. Qg3 Rf7
42. h5 Ka7 43. h6 Ka6 44. h7 Rf8 45. Qh3 Rh8 46. Qd3+ Ka7 47. Qg6 Ka6 48. Qg7 1-0

[Event "2024 British Rapidplay Championship"]
[Site "Holiday Inn Peterborough - West"]
[Date "2024.03.02"]
[Round "2.57"]
[White "George, Matthew P"]
[Black "Zeynalli, Nial"]
[Result "1-0"]
[WhiteFideId "407763"]
[BlackFideId "343404332"]
[WhiteElo "2003"]
[BlackElo "1527"]
[EventDate "2024.03.02"]

1. d4 Nf6 2. Nc3 d5 3. Bf4 c5 4. e4 Nxe4 5. Nxe4 dxe4 6. dxc5 Qa5+ 7. c3 Qxc5 8.
Qa4+ Nc6 9. Qxe4 g6 10. Nf3 Bg7 11. Rd1 Bf5 12. Qa4 O-O 13. Be2 Rfd8 14. O-O Bd7
15. Qc4 Qxc4 16. Bxc4 Bg4 17. h3 Bxf3 18. gxf3 e6 19. Kg2 Na5 20. Be2 Nc6 21. Bc4
Rac8 22. Bg5 Rxd1 23. Rxd1 h6 24. Be3 Ne5 25. Be2 a6 26. f4 Nc4 27. Bc1 b5 28. h4
Bf6 29. h5 Kg7 30. hxg6 Kxg6 31. Bd3+ Kg7 32. Be4 Rc7 33. f5 h5 34. fxe6 fxe6 35.
Bf3 h4 36. Bg4 e5 37. Rd7+ Rxd7 38. Bxd7 Nd6 39. Kf3 Kf7 40. Kg4 Ke7 41. Bc6 Kd8
42. f3 Kc7 43. Bd5 Nc4 44. b3 Nb6 45. Be4 Nd7 46. Be3 a5 47. Bf2 Nc5 48. Bxc5 1-0

[Event "2024 British Rapidplay Championship"]
[Site "Holiday Inn Peterborough - West"]
[Date "2024.03.02"]
[Round "2.58"]
[White "Hanache, Kai"]
[Black "Rogowski, Rafal"]
[Result "1-0"]
[WhiteFideId "490105"]
[BlackFideId "343415970"]
[WhiteElo "1886"]
[BlackElo "1591"]
[EventDate "2024.03.02"]

1. e4 e6 2. d4 d5 3. Nc3 dxe4 4. Nxe4 b6 5. Nf3 Bb7 6. Bb5+ c6 7. Bd3 h6 8. O-O Nf6
9. Ne5 Qxd4 10. Nxf6+ gxf6 11. Nxf7 Rg8 12. Nxh6 Rxg2+ 13. Kxg2 c5+ 14. Kg1 Qh4 15.
Bg6+ Ke7 16. Ng8# 1-0

[Event "2024 British Rapidplay Championship"]
[Site "Holiday Inn Peterborough - West"]
[Date "2024.03.02"]
[Round "2.59"]
[White "Tiruchirapalli, Venkataramanan"]
[Black "Hill, Callum"]
[Result "1-0"]
[WhiteFideId "5001579"]
[BlackFideId "343403913"]
[WhiteElo "2263"]
[BlackElo "1635"]
[EventDate "2024.03.02"]

1. e4 g6 2. d4 Bg7 3. Nc3 c5 4. dxc5 Qa5 5. Bd2 Qxc5 6. Nd5 e6 7. Bb4 Qc6 8. Bb5
exd5 9. Bxc6 Nxc6 10. Bd6 dxe4 11. Qe2 Nf6 12. O-O-O b6 13. f3 Bb7 14. fxe4 O-O-O
15. Nf3 Rde8 16. e5 Nh5 17. Qc4 Bh6+ 18. Kb1 Re6 19. Nd4 Ree8 20. Nb5 Kd8 21. Nxa7
Bf8 22. Qb3 Bxd6 23. exd6 Nxa7 24. Qxb6+ Kc8 25. Qc7# 1-0

[Event "2024 British Rapidplay Championship"]
[Site "Holiday Inn Peterborough - West"]
[Date "2024.03.02"]
[Round "2.60"]
[White "Bellano, Harry"]
[Black "Alizada, Eldar A"]
[Result "0-1"]
[WhiteFideId "343430015"]
[BlackFideId "464104"]
[WhiteElo "1632"]
[BlackElo "1975"]
[EventDate "2024.03.02"]

1. e4 e6 2. d4 d5 3. e5 c5 4. c3 Nc6 5. Nf3 Qb6 6. Bd3 cxd4 7. cxd4 Bd7 8. Bc2 Nb4
9. O-O Nxc2 10. Qxc2 Rc8 11. Nc3 Ne7 12. Be3 Nf5 13. Rad1 Be7 14. g4 Nxe3 15. fxe3
O-O 16. h4 Qd8 17. g5 b5 18. a3 a5 19. Qd3 Qb6 20. h5 b4 21. axb4 axb4 22. Ne2 Bb5
23. Qd2 b3 24. Rc1 Ba6 25. Rf2 Rxc1+ 26. Qxc1 Rc8 27. Nc3 Bd3 28. Ne1 Be4 29. Nf3
Bc2 30. Qf1 Rxc3 31. bxc3 b2 32. Nd2 Bxg5 33. Rxf7 Bxe3+ 34. Kh2 Qd8 35. Rb7 Bf5
36. Nf3 Qe8 37. Qa6 Qxh5+ 38. Kg3 Qe8 39. Qf1 0-1

[Event "2024 British Rapidplay Championship"]
[Site "Holiday Inn Peterborough - West"]
[Date "2024.03.02"]
[Round "2.61"]
[White "Kovalskyi, Roman"]
[Black "Wainwright, Charlie"]
[Result "1-0"]
[WhiteFideId "14184214"]
[BlackFideId "343426310"]
[WhiteElo "1983"]
[BlackElo "1632"]
[EventDate "2024.03.02"]

1. e4 e6 2. d4 d5 3. e5 c5 4. c3 Nc6 5. Nf3 Bd7 6. Bd3 Qb6 7. O-O Nge7 8. Re1 Ng6
9. h4 O-O-O 10. a4 f6 11. h5 Nge7 12. a5 Qc7 13. a6 c4 14. axb7+ Kxb7 15. Bf1 fxe5
16. dxe5 Nf5 17. b3 cxb3 18. Qxb3+ Qb6 19. Qc2 Bc5 20. Na3 Bxa3 21. Bxa3 Kc7 22.
Bb4 a5 23. Ba3 Ra8 24. Reb1 Ne3 25. Qe2 Qxb1 26. Rxb1 Nc4 27. Qa2 1-0

[Event "2024 British Rapidplay Championship"]
[Site "Holiday Inn Peterborough - West"]
[Date "2024.03.02"]
[Round "2.63"]
[White "Pradhan, Ayan"]
[Black "Gevorgyan, Albert"]
[Result "0-1"]
[WhiteFideId "498319"]
[BlackFideId "13323946"]
[WhiteElo "1622"]
[BlackElo "1899"]
[EventDate "2024.03.02"]

1. e4 e5 2. Nf3 Nc6 3. Bb5 a6 4. Ba4 Nf6 5. d3 b5 6. Bb3 Bc5 7. O-O O-O 8. Bg5 h6
9. Bh4 Be7 10. Nbd2 d6 11. c3 Be6 12. Bxe6 fxe6 13. Bg3 Qe8 14. a4 b4 15. cxb4 Nxb4
16. Qb3 c5 17. Qxe6+ Kh7 18. Qc4 Nh5 19. Rfe1 Nf4 20. Bxf4 Rxf4 21. Nf1 Qg6 22. Ng3
Raf8 23. Re3 d5 24. Qc1 d4 25. Re2 Nxd3 26. Qc4 Nb4 27. Nxe5 Qg5 28. Nf3 Rxf3 29.
gxf3 h5 30. Kh1 Qf4 31. Qe6 Qxf3+ 32. Kg1 h4 33. Nf5 Rf6 34. Qxe7 Rg6+ 35. Ng3 hxg3
36. Qh4+ Rh6 37. Qxg3 Rg6 0-1

[Event "2024 British Rapidplay Championship"]
[Site "Holiday Inn Peterborough - West"]
[Date "2024.03.02"]
[Round "2.64"]
[White "Sasikumar, Srivathsan"]
[Black "Brown, Chris"]
[Result "1-0"]
[WhiteFideId "343401279"]
[BlackFideId "343412343"]
[WhiteElo "1766"]
[BlackElo "1623"]
[EventDate "2024.03.02"]

1. e4 e5 2. Nc3 Nf6 3. f4 d5 4. fxe5 Nxe4 5. Qf3 Nxc3 6. dxc3 c5 7. Bb5+ Nc6 8. Bxc6+
bxc6 9. Ne2 Be6 10. O-O Be7 11. Qg3 g6 12. Bh6 Qd7 13. Nf4 O-O-O 14. b4 c4 15. a4
Bf5 16. b5 Bc5+ 17. Kh1 Bxc2 18. bxc6 Qxc6 19. Rfc1 Bb3 20. Qh3+ Qd7 21. e6 fxe6
22. Nxe6 Bd6 23. Nxd8 Qxh3 24. gxh3 Rxd8 25. Rf1 Bc2 26. Rac1 Be4+ 27. Kg1 Bc5+ 28.
Rf2 Bxf2+ 29. Kxf2 Rd7 30. Ke3 Rf7 31. Bf4 g5 32. Bxg5 Rf3+ 33. Kd4 Rxh3 34. Bf4
Rd3+ 35. Kc5 Rf3 36. Be5 Rf7 37. Rg1 Kd7 38. Rg8 Ke6 39. Bb8 Rb7 40. a5 Rb3 41. Kd4
Rb7 42. Bg3 a6 43. Ra8 Rf7 44. Rxa6+ Ke7 45. Ra7+ Kf8 46. Bd6+ Kg7 47. Be5+ Kf8 48.
Rxf7+ Kxf7 49. a6 1-0

[Event "2024 British Rapidplay Championship"]
[Site "Holiday Inn Peterborough - West"]
[Date "2024.03.02"]
[Round "2.65"]
[White "Darbost, Fabien"]
[Black "Iyengar, Srihari R"]
[Result "0-1"]
[WhiteFideId "343407200"]
[BlackFideId "441970"]
[WhiteElo "1615"]
[BlackElo "1889"]
[EventDate "2024.03.02"]

1. d4 Nf6 2. c4 d6 3. Nc3 Nbd7 4. e4 e5 5. dxe5 dxe5 6. Bg5 Be7 7. Bd3 c6 8. Nge2
O-O 9. O-O Nc5 10. Bc2 Qc7 11. Ng3 Rd8 12. Qe2 h6 13. Be3 Bg4 14. f3 Bc8 15. h3 Ne6
16. Rad1 Nd4 17. Qf2 Nxc2 18. Qxc2 Be6 19. b3 Rd6 20. f4 Rxd1 21. Qxd1 Rd8 22. Qf3
exf4 23. Qxf4 Bd6 24. Qf3 Bxg3 25. Bxh6 gxh6 26. Qxf6 Be5 27. Qxh6 Bxc3 28. Qg5+
Bg7 29. Rf3 Rd1+ 30. Kf2 Qe5 31. Qe3 Qb2+ 32. Kg3 Be5+ 33. Kh4 Qd2 34. Qxa7 Qh6#
0-1

[Event "2024 British Rapidplay Championship"]
[Site "Holiday Inn Peterborough - West"]
[Date "2024.03.02"]
[Round "2.66"]
[White "Mylovanov, Volodymyr"]
[Black "Mitraka, Chrysa"]
[Result "1/2-1/2"]
[WhiteFideId "34184732"]
[BlackFideId "2409968"]
[WhiteElo "1877"]
[BlackElo "1612"]
[EventDate "2024.03.02"]

1. d4 d5 2. Nf3 Nf6 3. g3 c6 4. Bg2 e6 5. O-O Bd6 6. Nbd2 Qc7 7. c4 Nbd7 8. b3 b6
9. Bb2 Bb7 10. Rc1 Rc8 11. Re1 O-O 12. e4 dxe4 13. Ng5 h6 14. Ngxe4 Be7 15. d5 exd5
16. Nxf6+ Bxf6 17. Bxf6 Nxf6 18. cxd5 Qd7 19. dxc6 Bxc6 20. Nc4 Qxd1 21. Rcxd1 Bxg2
22. Kxg2 Rfe8 23. a4 Rxe1 24. Rxe1 Kf8 25. h3 Rd8 26. Ne5 Rc8 27. Re3 Rd8 28. Nc6
Rd7 29. Kf3 Rc7 1/2-1/2

[Event "2024 British Rapidplay Championship"]
[Site "Holiday Inn Peterborough - West"]
[Date "2024.03.02"]
[Round "2.67"]
[White "Hu, Junyan"]
[Black "Ganti, Shriaansh"]
[Result "0-1"]
[WhiteFideId "343401260"]
[BlackFideId "343104781"]
[WhiteElo "1611"]
[BlackElo "1886"]
[EventDate "2024.03.02"]

1. e4 c5 2. Nf3 Nc6 3. d4 cxd4 4. Nxd4 Nf6 5. Nc3 e5 6. Ndb5 d6 7. Bg5 a6 8. Na3
b5 9. Nd5 Be7 10. Bxf6 Bxf6 11. c3 O-O 12. Nc2 Be6 13. Nce3 Rc8 14. Be2 Re8 15. O-O
Bg5 16. Bf3 Rb8 17. g3 b4 18. Qe2 bxc3 19. bxc3 Bxe3 20. Nxe3 Qa5 21. Rfc1 h6 22.
Bg2 Rec8 23. Qd2 Qc5 24. Bf1 Rb6 25. h4 Rcb8 26. Nd1 a5 27. Qc2 d5 28. Rab1 d4 0-1

[Event "2024 British Rapidplay Championship"]
[Site "Holiday Inn Peterborough - West"]
[Date "2024.03.02"]
[Round "2.68"]
[White "Basson, Heinrich"]
[Black "Dhingra, Kanvansh"]
[Result "1-0"]
[WhiteFideId "14301440"]
[BlackFideId "33401500"]
[WhiteElo "1848"]
[BlackElo "1592"]
[EventDate "2024.03.02"]

1. b4 d5 2. Bb2 e6 3. e3 c6 4. Nf3 f5 5. Ne5 Nf6 6. a3 Bd6 7. g3 O-O 8. Bg2 Nbd7
9. Nxd7 Bxd7 10. O-O Be8 11. d3 Bh5 12. Bf3 Bxf3 13. Qxf3 Qe7 14. c4 Ng4 15. Nd2
Ne5 16. Qe2 Qe8 17. Kg2 Qg6 18. f4 Ng4 19. Nf3 Qh6 20. h3 Nf6 21. Ne5 Bxe5 22. Bxe5
dxc4 23. dxc4 Ne4 24. Rad1 Rfd8 25. Rd4 Qg6 26. g4 Rxd4 27. exd4 Nf6 28. Bxf6 Qxf6
29. Qe5 Qxe5 30. fxe5 g6 31. Rd1 Rd8 32. a4 Kf7 33. Kf3 Ke7 34. Kf4 Kf7 35. b5 cxb5
36. axb5 b6 37. d5 exd5 38. cxd5 fxg4 39. hxg4 Ke7 40. Ke4 Rc8 41. Ra1 Rc4+ 42. Kd3
Rxg4 43. Rxa7+ Kd8 44. Rxh7 g5 45. e6 Rg3+ 46. Ke4 Rg1 47. Ke5 Re1+ 48. Kd6 Kc8 49.
Rh8+ Kb7 50. e7 1-0

[Event "2024 British Rapidplay Championship"]
[Site "Holiday Inn Peterborough - West"]
[Date "2024.03.02"]
[Round "2.69"]
[White "Keshari, Rohit"]
[Black "Davies, Peter L"]
[Result "0-1"]
[WhiteFideId "497088"]
[BlackFideId "1801171"]
[WhiteElo "1590"]
[BlackElo "1876"]
[EventDate "2024.03.02"]

1. d4 Nf6 2. e3 g6 3. Bd3 Bg7 4. Nd2 d6 5. f4 e5 6. fxe5 dxe5 7. dxe5 Ng4 8. Ndf3
O-O 9. h3 Nxe5 10. Nxe5 Qh4+ 11. Kf1 Bxe5 12. Nf3 Qf6 13. e4 Bxb2 14. Bg5 Qg7 15.
Rb1 Nc6 16. Qd2 Bc3 17. Qf4 Be5 18. Qc1 Re8 19. Kf2 b6 20. Rf1 Be6 21. Rb5 a6 22.
Nxe5 Nxe5 23. Rxe5 Qxe5 24. Kg1 f5 25. exf5 Bxf5 26. Bxf5 gxf5 27. Bf4 Qd5 28. Qa3
Re2 29. Qg3+ Kf7 30. Bh6 Rxg2+ 31. Qxg2 Rg8 32. Qxg8+ Kxg8 33. Rf2 Kf7 34. Rg2 Qd1+
35. Kf2 Qxc2+ 36. Kf3 Qe4+ 37. Kg3 c5 38. Kh2 c4 39. Rg7+ Ke6 40. Rg8 Qe2+ 41. Rg2
Qh5 42. Bc1 b5 43. a3 Qd1 44. Bb2 a5 45. Rg1 Qd6+ 46. Kh1 b4 47. Re1+ Kf7 48. axb4
axb4 49. Be5 Qd5+ 50. Kg1 c3 51. Bh8 Qd3 52. Ra1 b3 53. Ra7+ Kg6 54. Rg7+ Kh6 55.
Kg2 c2 56. Rg3 Qe2+ 0-1

[Event "2024 British Rapidplay Championship"]
[Site "Holiday Inn Peterborough - West"]
[Date "2024.03.02"]
[Round "2.70"]
[White "Kumar, Sanjit S"]
[Black "Liu, Jacob"]
[Result "0-1"]
[WhiteFideId "468142"]
[BlackFideId "496960"]
[WhiteElo "1799"]
[BlackElo "1573"]
[EventDate "2024.03.02"]

1. d4 d5 2. c4 c6 3. Nc3 Nf6 4. cxd5 cxd5 5. Bf4 Nc6 6. e3 Bf5 7. Qb3 Na5 8. Qa4+
Bd7 9. Qc2 e6 10. a3 Be7 11. Nf3 O-O 12. Bd3 Rc8 13. O-O h6 14. Qe2 Nh5 15. Bg3 Nxg3
16. hxg3 Nb3 17. Rad1 Bxa3 18. Bb1 g6 19. Qc2 Na1 20. Qe2 Qa5 21. Ne5 Be8 22. Ba2
f6 23. Bxd5 exd5 24. Rxa1 fxe5 25. Rxa3 Qb6 26. Nxd5 0-1